A secure user authentication protocol for sensor network in data capturing (Record no. 353804)
[ view plain ]
| 000 -LEADER | |
|---|---|
| fixed length control field | 00431nam a2200097Ia 4500 |
| 008 - FIXED-LENGTH DATA ELEMENTS--GENERAL INFORMATION | |
| fixed length control field | 180130s9999 xx 000 0 und d |
| 245 ## - TITLE STATEMENT | |
| Statement of responsibility, etc | Quan, Zhou; Chunming, Tang; Zianghan, Zhen; Chunming, Rong |
| Title | A secure user authentication protocol for sensor network in data capturing |
| 260 ## - PUBLICATION, DISTRIBUTION, ETC. (IMPRINT) | |
| Date of publication, distribution, etc | 2016 |
| 300 ## - PHYSICAL DESCRIPTION | |
| Extent | Book title: Networking, models and methods of cloud computing--Acession number C20732; pages 195-206 |
| 650 ## - SUBJECT ADDED ENTRY--TOPICAL TERM | |
| Topical term or geographic name as entry element | CLOUD COMPUTING |
| Withdrawn status | Lost status | Damaged status | Home library | Current library | Date acquired | Total Checkouts | Date last seen | Price effective from | Koha item type |
|---|---|---|---|---|---|---|---|---|---|
| College Library | College Library | 01/30/2018 | 01/30/2018 | 01/30/2018 | Book Chapter |